LEADER 00401nab a2200145 i 4500 001 000000288266 003 CaOOAMICUS 005 20190326104026.0 008 151111n xx uu u0 0und r 013 $a42334 040 $aSeMil$bita 245 10$aOctober. 773 0 $t[2015].$dNew York : Cambridge University Press, 2015.$w()239685 996 $6245$aOctober$9(OLS)http://semarc/title/421190 LEADER 00677nam a2200217 i 4500 001 000000229824 003 CaOOAMICUS 005 20140519000000.0 008 140519s1913 fr u000 u fre u 013 $a208726 040 $aSeMil$bita 245 10$a3. 250 $a2. ed., revue et corrigee. 300 $a537 p. 500 $aFondo Bidoglio. 773 0 $aReinach, Salomon <1858-1932>$tCultes, mythes et religions.$dParis : Leroux, 1908-1923.$g3$w()29920 850 $aSeMil 852 $aSeMil$W1$xVenegono$y1$m2R VI 23$j180170$B180170$CSeMilBibl$Z2$F191945 $81 941 1 $a2 961 $aLascito: Bidoglio don Maurizio 996 $6245$a3$9(OLS)http://semarc/title/47129